000 01915nam a22002057a 4500
003 OSt
005 20260217091413.0
008 190817b2017 ||||| |||| 00| 0 eng
020 _a9789384166199 (hbk)
082 _a306.0954 JAS
100 _aJaswal Paramjit S
245 _aContemporary social issues in Indian society :
_bsocio-legal perspectives /
_cParamjit S Jaswal
260 _aNew Delhi :
_bWinshield Press,
_c2017.
300 _ax, 213 p. :
_c22 cm
505 _aContent: 1. Delineting Justice : Stories of Lw and Literature; 2. Gender SEnsitistion and Law : The Isues Society Need to Learn; 3. Corporates and Socieities : Analysing the Liabiity Involved; 4. Patters of Alocohol Consump[tion among Alocholics in PUnjab : A Field work Based Observation; 5. Sexual Harassment : A Menace at Workplace; 6. Living Environment of Dehradun : An Issue for Sutabinable Smart City; 7. Homosexuality and Socialisation of Sexual Orientation; 8. Environmental Protection and Sustainable Development in India; 9.Transgenders, Srxual Minorities and the Law : The Emergeing Rights Landscap; 10. Gender and Indian Society : Perspective and Challenges; 11. Deed Registration System or Title Registration System: A guard Against Forged Documentes; 12. Exploing the Constitutional Privileges and Legal Safeguads for the Empowerment of Women in India : An overview; 13. Environmental Pollution in India and its Impact; 14. Female Genital Mutilation Practice Among Dawoodi Bohra Community in India : A Legal Critique; 15. Deep WEb : A Deeper and Darket Society; 16. Sexuaity Discourse in Legal and Social Arena : Are we Coming out of the Closet; 17. Drug Abuse in India : A Blot in Present Generation; 9.
650 _aSocial Institutions - India-Social Conditions
650 _aAnthropology and Sociology-Social problems Social welfare
700 _aSandhu G I S
_eKumar Honey
942 _2ddc
_cBK
999 _c115189
_d115189